00931 2200193 4500001002100000005001500021035002000036245006100056100001900117250001700136300002800153260003100181082001200212084001800224020002200242650001700264520042300281500003300704INLIS00000000000013220240508081947 a0010-05240000541 aIbnu Bathuthah :bPenjelajah Nusantara /cTethy Ezokanzo0 aTethy Ezokanzo acetakan ke-1 a36 hlm :bilus ;c19 cm aSolo :bTiga Ananda,c2019 a297.092 a297.092 TET i a978-623-206-083-8 4aReligi Islam aTahukah kamu bahwa umat islam juga punya penjelajah-penjelajah yang hebat? Salah satunya adalah Ibnu Bathuthah. Ibnu Bathuthah merupakan seorang cendekiawan dari maroko yang berkelana ke berbagai wilayah di dunia. ia menjelajah dunia selama tiga puluh tahun. ia menempuh perjalanan panjang dan mengunjungi puluhan negeri, salah satunya nusantara. ingin tahu negeri-negeri lain yang pernah ia jelajahi? cari tahu, yuk! aseri muslim penjelajah dunia